Catálogo

THE CHILDRENS SONG BOOK (Registro nro. 52495)

Detalles MARC
000 -LEADER
fixed length control field 00439nam a2200157 a 4500
001 - CONTROL NUMBER
control field 52495
005 - DATE AND TIME OF LATEST TRANSACTION
control field 20180714042348.0
008 - FIXED-LENGTH DATA ELEMENTS--GENERAL INFORMATION
fixed length control field 140415s1961 000 0 spa d
041 ## - LANGUAGE CODE
Language code of text/sound track or separate title spa
082 ## - DEWEY DECIMAL CLASSIFICATION NUMBER
Classification number 784.624
Item number POS
100 1# - MAIN ENTRY--PERSONAL NAME
Personal name POSTON, ELIZABETH
245 14 - TITLE STATEMENT
Title THE CHILDRENS SONG BOOK
260 ## - PUBLICATION, DISTRIBUTION, ETC.
Place of publication, distribution, etc. [s.l.] :
Name of publisher, distributor, etc. THE BODLEY HEAD,
Date of publication, distribution, etc. 1961
300 ## - PHYSICAL DESCRIPTION
Extent 159
650 14 - SUBJECT ADDED ENTRY--TOPICAL TERM
Topical term or geographic name entry element CANCIONES INFANTILES
General subdivision MUSICA PARA JARDINES INFANTILES
Existencias
Withdrawn status Lost status Source of classification or shelving scheme Damaged status Not for loan Collection code Home library Current library Shelving location Date acquired Source of acquisition Inventory number Total Checkouts Full call number Barcode Date last seen Price effective from Koha item type
    Dewey Decimal Classification     General Biblioteca Karol Wojtyla Biblioteca Karol Wojtyla Sala general 03/12/2013 Compra 151000000000000000022513   784.624 POS 7800 05/01/2026 03/12/2013 Libro